000 00628nam a2200121Ia 4500
008 220620s9999||||xx |||||||||||||| ||und||
100 _aÇaglar, Ayse||Glick Schiller, Nina
245 0 _aMigrants and City-Making
_bDispossession, Displacement, and Urban Regeneration
546 _aEnglish[eng]
650 _aSociology||Migrants||City-making||Urban regeneration||Displacement||Dispossession
856 _uhttps://library.oapen.org/bitstream/20.500.12657/25763/1/1004325.pdf||https://library.oapen.org/bitstream/20.500.12657/25763/1/1004325.pdf||https://library.oapen.org/bitstream/20.500.12657/25763/1/1004325.pdf
942 _cEB
999 _c24525
_d24525